Datum a čas kvízu
17.5
Celkem bodů
Celkový počet nahraných bodů na tomto kvízu bez doplňovacích otázek.
9.
Pořadí na kvízu
Konečné umístění týmu na tomto kvízu.
Zaznamenané odpovědi
| # | Otázka | Odpověď | Body | Výsledky |
|---|---|---|---|---|
| 1. | O víkendu se v Praze konal 39.... | Alexandra Udženija | 0 | |
| 2. | Rusko má od čtvrtka nového pre... | Michail Mišustin | 0 | |
| 3. | Americká akademie filmového um... | Dcera | 0 | |
| 4. | V úterý oznámila jedna softwar... | ukončení podpory operačního systému Windows 7 | 0 | |
| 5. | U fotbalistů Barcelony skončil... | Ernesto Valverde | 0 | |
| 6. | V zatím posledním díle našeho... | Mount McKinley | 0 | |
| 7. | Tomuto tradičnímu kanadskému s... | bobří ocas | 1 | |
| 8. | Jak se jmenuje muž na této fot... | Justin Trudeau | 0 | |
| 9. | Kanadská zpěvačka Alanis Moris... | déšť | 1 | |
| 10. | Se Spojenými státy, kam se pod... | Huronské jezero | 0 |